000 00176nam a22000977a 4500
041 _aeng
080 _a80
100 _aHorbatsch, Olexa
245 _aAdelphotes.
999 _c280497
_d280497
942 _cBK